00345nam a2200133Ia 4500008004100000020001800041082001900059100001700078245004000095260003000135300000800165650002600173650001200199140316s9999 xx 000 0 und d a9788126420995 a577.53bBEN/PA aKurian,Benny aPaschimaghattathile jaivavaividhyam aKottayambD C Booksc2009 a136 aEnvironmental Science aForests